ბათუმის შოთა რუსთაველის სახელმწიფო უნივერსიტეტის ბიბლიოთეკა

ჩანაწერი Corporate Name

ჩანაწერთა რაოდენობა, რომელიც გამოყენებულია: 1

001 - CONTROL NUMBER

  • control field: 213

003 - CONTROL NUMBER IDENTIFIER

  • control field: GE_BSU

005 - DATE AND TIME OF LATEST TRANSACTION

  • control field: 20190417152601.0

008 - FIXED-LENGTH DATA ELEMENTS

  • fixed length control field: 190417|| aca||aabn | a|a d

040 ## - CATALOGING SOURCE

  • Original cataloging agency: GE_BSU
  • Transcribing agency: GE_BSU

110 ## - HEADING--CORPORATE NAME

  • Corporate name or jurisdiction name as entry element: ივ. ჯავახიშვილის თბილისის სახელმწიოფო უნივერსიტეტი
  • Subordinate unit: საერთშოპრისო სამართლის ინსტიტუტი
  • Relator term: ორგანიზაცია

670 ## - SOURCE DATA FOUND

  • Source citation: Work cat.: (GE_BSU)50718: გოცირიძე, ევა 203, გამოხატვის თავისუფლება ღირებულებათა კონფლიქტში = Freedom of expression with the conflicts of values ადამიანის უფლებათა ევროპული კონვენციისა და სტრასბურგის სასამართლოს იურისპრუდენციის მიხედვით /